BMW Models - Statistics

General Stats
  • This quiz has been taken 990 times
  • The average score is 13 of 20
Answer Stats
Picture Answer % Correct
M4
94%
M3
93%
M5
88%
X5
85%
i8
82%
X3
82%
M1
79%
X7
78%
Z4
70%
X2
69%
5 Series
56%
iX
56%
3 Series
55%
4 Series
54%
7 Series
54%
2 Series
52%
8 Series
51%
1 Series
49%
6 Series
40%
2002
28%
No matching quizzes found
Score Distribution
Percent of People with Each Score
Percentile by Number Answered
Your Score History
You have not taken this quiz